<?xml version='1.0' encoding='UTF-8'?><?xml-stylesheet href='static/style.xsl' type='text/xsl'?><OAI-PMH xmlns="http://www.openarchives.org/OAI/2.0/" xmlns:xsi="http://www.w3.org/2001/XMLSchema-instance" xsi:schemaLocation="http://www.openarchives.org/OAI/2.0/ http://www.openarchives.org/OAI/2.0/OAI-PMH.xsd"><responseDate>2026-04-30T18:12:15Z</responseDate><request verb="GetRecord" identifier="oai:ebiltegia.mondragon.edu:20.500.11984/4241" metadataPrefix="marc">https://ebiltegia.mondragon.edu/oai/request</request><GetRecord><record><header><identifier>oai:ebiltegia.mondragon.edu:20.500.11984/4241</identifier><datestamp>2024-01-04T21:56:55Z</datestamp><setSpec>com_20.500.11984_1736</setSpec><setSpec>com_20.500.11984_1627</setSpec><setSpec>col_20.500.11984_1972</setSpec></header><metadata><record xmlns="http://www.loc.gov/MARC21/slim" xmlns:dcterms="http://purl.org/dc/terms/" xmlns:xsi="http://www.w3.org/2001/XMLSchema-instance" xmlns:doc="http://www.lyncode.com/xoai" xsi:schemaLocation="http://www.loc.gov/MARC21/slim http://www.loc.gov/standards/marcxml/schema/MARC21slim.xsd">
   <leader>00925njm 22002777a 4500</leader>
   <datafield ind2=" " ind1=" " tag="042">
      <subfield code="a">dc</subfield>
   </datafield>
   <datafield ind2=" " ind1=" " tag="720">
      <subfield code="a">Mondragon Unibertsitatea</subfield>
      <subfield code="e">author</subfield>
   </datafield>
   <datafield ind2=" " ind1=" " tag="260">
      <subfield code="c">2015-04-24</subfield>
   </datafield>
   <datafield ind2=" " ind1=" " tag="520">
      <subfield code="a">"Sutondoko ipuinak" lelopean, Literatur Topaketa egingo da, maiatzaren 13an, Humanitate eta Hezkuntza Zientzien Fakultatean. Aurtengo edizioan, herri ipuinen eta mitologiaren gaia landuko dute. Antolatzaileen ustetan, garrantzizkoa da irakasle ikasketak egiten dihardutenek euskal ipuinak eta mitologia ezagutzea, besteak beste, etorkizunean gai izan daitezen euskal kulturaren transmisioan eragiteko.</subfield>
   </datafield>
   <datafield ind2=" " ind1=" " tag="520">
      <subfield code="a">Bajo el título "Relatos en torno al fuego" (Sutondoko ipuinak), se celebrarán el próximo día 13 de mayo en Eskoriatza los Encuentros de Literatura 2015. El tema elegido para la presente edición es el de los cuentos populares y la mitología vasca. A entender de las organizadoras, el conocimiento de la mitología y cuentos populares es muy necesario para todas aquellas personas que quiera dedicarse a la educación en Euskal Herria o tomen parte, de algún modo, en el proceso de transmisión de la cultura vasca.  Los Encuentros de Literatura están organizados por la Facultad de Humanidades y Ciencias de la Educación.</subfield>
   </datafield>
   <datafield ind1="8" ind2=" " tag="024">
      <subfield code="a">https://hdl.handle.net/20.500.11984/4241</subfield>
   </datafield>
   <datafield tag="653" ind2=" " ind1=" ">
      <subfield code="a">Humanitate eta Hezkuntza Zientzien Fakultatea</subfield>
   </datafield>
   <datafield ind2="0" ind1="0" tag="245">
      <subfield code="a">Herri ipuinak eta mitologia ardatz 2015eko Literatur Topaketan</subfield>
   </datafield>
   <datafield ind2="0" ind1="0" tag="245">
      <subfield code="a">La mitología y los cuentos populares protagonistas en los Encuentros de Literatura 2015</subfield>
   </datafield>
</record></metadata></record></GetRecord></OAI-PMH>